skbl

Dr Suryya Kumar Bhuyan Library Web-OPAC
ডঃ সূৰ্য্য
কুমাৰ ভূঞা পুথিভঁৰাল ৱেব-অ'পেক

All Research Scholars are advised to clear the annual library fees to continue using Library Resources, Remote Access, Plagiarism Test and Library Clearance.

Cotton University Book Fair 2026

Adra Lirnai Sanreb / (Record no. 40460)

MARC details
000 -LEADER
fixed length control field 00821nam a2200325Ia 4500
001 - CONTROL NUMBER
control field 40489
005 - DATE AND TIME OF LATEST TRANSACTION
control field 20240114003340.0
007 - PHYSICAL DESCRIPTION FIXED FIELD--GENERAL INFORMATION
fixed length control field ta
008 - FIXED-LENGTH DATA ELEMENTS--GENERAL INFORMATION
fixed length control field 071030s2005 g b000 u ben u
040 ## - CATALOGING SOURCE
Original cataloging agency Cotton College,Assam
041 ## - LANGUAGE CODE
Language code of text/sound track or separate title ben
Language code of original Bodo
082 ## - DEWEY DECIMAL CLASSIFICATION NUMBER
Classification number 891.493
Item number Go 69 Ad
100 ## - MAIN ENTRY--PERSONAL NAME
Personal name Goswami, Mamoni Raisom .
245 #0 - TITLE STATEMENT
Title Adra Lirnai Sanreb /
Statement of responsibility, etc. Mamoni Raisom Goswami.
Medium Textual Documents
246 ## - VARYING FORM OF TITLE
Title proper/short title Adha Lekha Dastabez.
250 ## - EDITION STATEMENT
Edition statement 1st ed. /
260 ## - PUBLICATION, DISTRIBUTION, ETC.
Place of publication, distribution, etc. Guwahati :
Name of publisher, distributor, etc. N.L. Publications ,
Date of publication, distribution, etc. 2005.
300 ## - PHYSICAL DESCRIPTION
Extent 199p. ;
Dimensions 22cm.
653 ## - INDEX TERM--UNCONTROLLED
Uncontrolled term Bodo Novel
653 ## - INDEX TERM--UNCONTROLLED
Uncontrolled term G-Bodo
700 ## - ADDED ENTRY--PERSONAL NAME
Personal name Daimary, Anjali .
700 ## - ADDED ENTRY--PERSONAL NAME
Personal name , .
942 ## - ADDED ENTRY ELEMENTS (KOHA)
Source of classification or shelving scheme Dewey Decimal Classification
Koha item type Books
Holdings
Withdrawn status Lost status Damaged status Not for loan Collection Home library Current library Date acquired Coded location qualifier Total checkouts Full call number Barcode Date last seen Copy number Price effective from Koha item type
          Dr. Suryya Kumar Bhuyan Library Dr. Suryya Kumar Bhuyan Library 01/02/2012 00000   891.493 Go 69 Ad 89972 14/01/2024 4 01/02/2012 Books
          Dr. Suryya Kumar Bhuyan Library Dr. Suryya Kumar Bhuyan Library 01/02/2012 00000   891.493 Go 69 Ad 790/Bodo 14/01/2024 2 01/02/2012 Books
          Dr. Suryya Kumar Bhuyan Library Dr. Suryya Kumar Bhuyan Library 01/02/2012 00000   891.493 Go 69 Ad 791/Bodo 14/01/2024 3 01/02/2012 Books
          Dr. Suryya Kumar Bhuyan Library Dr. Suryya Kumar Bhuyan Library 01/02/2012 00000   891.493 Go 69 Ad 792/Bodo 14/01/2024 1 01/02/2012 Books
          Dr. Suryya Kumar Bhuyan Library Dr. Suryya Kumar Bhuyan Library 01/02/2012 00000   891.493 Go 69 Ad 89971 14/01/2024 5 01/02/2012 Books

Designed and Maintained by Team SKBL
©1901-2026

Powered by Koha